RIVISTA DEL CINEMATOGRAFO. GENNAIO DICEMBRE 1953. (Record n. 327382)
[ formato base ]
| 000 -LEADER | |
|---|---|
| fixed length control field | 01585nas a2200277Ia 4500 |
| 001 - CONTROL NUMBER | |
| control field | R790-R8789 |
| 003 - CONTROL NUMBER IDENTIFIER | |
| control field | IT-CnALBA |
| 008 - FIXED-LENGTH DATA ELEMENTS--GENERAL INFORMATION | |
| fixed length control field | 170116c99999999xx |||||||||||| ||und|| |
| 040 ## - CATALOGING SOURCE | |
| Original cataloging agency | IT-CnALBA |
| Transcribing agency | IT-CnALBA |
| 041 ## - LANGUAGE CODE | |
| Language code of text/sound track or separate title | ITALIANO |
| 999 ## - SYSTEM CONTROL NUMBERS (KOHA) | |
| Koha Dewey Subclass [OBSOLETE] | NO |
| 100 ## - MAIN ENTRY--PERSONAL NAME | |
| Personal name | GALLETTO ALBINO |
| 210 ## - ABBREVIATED TITLE | |
| Abbreviated title | RIVISTA DEL CINEMATOGRAFO |
| 222 ## - KEY TITLE | |
| Key title | RIVISTA DEL CINEMATOGRAFO |
| 245 #0 - TITLE STATEMENT | |
| Title | RIVISTA DEL CINEMATOGRAFO. GENNAIO DICEMBRE 1953. |
| 250 ## - EDITION STATEMENT | |
| Edition statement | 1a ed. |
| 260 ## - PUBLICATION, DISTRIBUTION, ETC. (IMPRINT) | |
| Place of publication, distribution, etc. | ROMA |
| Name of publisher, distributor, etc. | CENTRO CATTOLICO CINEMATOGRAFICO |
| Date of publication, distribution, etc. | 1953 [1° Ed.:1953 - Ed.Ling.Originale: 1953] |
| 300 ## - PHYSICAL DESCRIPTION | |
| Extent | 76 p. |
| 310 ## - CURRENT PUBLICATION FREQUENCY | |
| Current publication frequency | MENSILE |
| 362 ## - DATES OF PUBLICATION AND/OR SEQUENTIAL DESIGNATION | |
| Dates of publication and/or sequential designation | Fascicolo: 1-12 / Anno: 26 (1953) |
| 500 ## - GENERAL NOTE | |
| General note | BUZZONETTI R. SANTARELLI G. VERDONE M. PRODUZIONE FILMISTICA NEL 1952. NOTE PER ESTETICA. EUROPA ''51, MESSAGGIO CRISTIANO? PRIME VISIONI, LUCI ALLA RIBALTA, LA CARROZZA D'ORO, SIAMO TUTTI ASSASSINI. ARTICOLO 59 CODICE PENALE, IL BRIGANTE DI TACCA DI LUPO, ZIBALDONE E CORTOMETRAGGI. STORIA CINEMA RAGAZZI. NOTIZIARIO ACEC. PANORAMICA, NOTIZIARIO. CANTIERE. |
| 501 ## - WITH NOTE | |
| With note | Società San Paolo EM - Piazza San Paolo, 14 - 12051 ALBA (CN) (non commercial uses only) ® Copyright 2017 |
| 520 ## - SUMMARY, ETC. | |
| Summary, etc. | BUZZONETTI R. SANTARELLI G. VERDONE M. PRODUZIONE FILMISTICA NEL 1952. NOTE PER ESTETICA. EUROPA ''51, MESSAGGIO CRISTIANO? PRIME VISIONI, LUCI ALLA RIBALTA, LA CARROZZA D'ORO, SIAMO TUTTI ASSASSINI. ARTICOLO 59 CODICE PENALE, IL BRIGANTE DI TACCA DI LUPO, ZIBALDONE E CORTOMETRAGGI. STORIA CINEMA RAGAZZI. NOTIZIARIO ACEC. PANORAMICA, NOTIZIARIO. CANTIERE. |
| 650 ## - SUBJECT ADDED ENTRY--TOPICAL TERM | |
| Topical term or geographic name as entry element | ARTI RICREATIVE E DELLO SPETTACOLO |
| 942 ## - ADDED ENTRY ELEMENTS (KOHA) | |
| Koha item type | RIVISTA |
| 957 ## - | |
| -- | 1 |
| 999 ## - SYSTEM CONTROL NUMBERS (KOHA) | |
| -- | 1 |
| Withdrawn status | Lost status | Damaged status | Not for loan | Home library | Current library | Date acquired | Total Checkouts | Full call number | Date last seen | Price effective from | Koha item type | Public note |
|---|---|---|---|---|---|---|---|---|---|---|---|---|
| Buone Condizioni | Not For Loan | ALBA - Biblioteca | ALBA - Biblioteca | 16/01/2017 | R790-R8789 | 16/01/2017 | 16/01/2017 | RIVISTA | (data import: 16 gennaio 2017) - By Epidotti, Vaglietti. |